01001nam a2200253 a 4500001001000000003000400010005001700014008004100031040002500072082002300097100002700120245011300147260003300260300003500293500006300328504002900391650006500420650005200485651005300537651004900590651003800639651003400677700003600711000021826OSt20231023140603.0100913d1986 dr b 000 0 spa d aDO-SdBNPbspacBNPHU 4a331.544bM183a2221 aMadruga, José Manuel10aAzúcar y haitianos en la República Dominicana /cJosé Manuel Madruga ; prólogo Tomás Calvo Buezas. aSanto Domingo :bMSC,c1986. a202 p. :bil., mapas ;c23 cm. aIncluye datos biográficos del autor en la contracubierta aBibliografía : 179-188 4aTrabajadores agrícolas migratorioszRepública Dominicana 4aTrabajadores del azucarzRepública Dominicana 4aRepública DominicanaxCondiciones económicas 4aRepública DominicanaxCondiciones sociales 4aHaitíxCondiciones económicas 4aHaitíxCondiciones sociales12aCalvo Buezas, Tomás,epról.